000 00673nab a2200193 4500
001 244442
003 OSt
005 20250214100555.0
007 tu
008 200917s2020|||||||
040 _aDE-2950
_cDE-2950
245 0 0 _aStefan Voss ist neuer Geschäftsführer
_bLebenshilfe. Regina Griebel hat nach über 15 Jahren den Staffelstab übergeben und zieht sich aus der Chefetage zurück. Ihr Nachfolger ist in der Stadt kein Unbekannter/
_cLisa Larossa
264 _c2024
653 _aFrankfurt (Oder)
653 _aLebenshilfe
653 _aStefan Voss
773 0 _g36. Jahrgang (2025) Nr. 36 vom 12.02.2025, S. 13 mit Foto
_tMärkische Oderzeitung
942 _2z
_cA
999 _c373615
_d373615